LEADER 01800nam 2200577Ia 450 001 9910459760003321 005 20200520144314.0 010 $a1-282-97686-9 010 $a9786612976865 010 $a90-272-8742-2 035 $a(CKB)2670000000059884 035 $a(OCoLC)696792559 035 $a(CaPaEBR)ebrary10436131 035 $a(SSID)ssj0000467566 035 $a(PQKBManifestationID)11290580 035 $a(PQKBTitleCode)TC0000467566 035 $a(PQKBWorkID)10489578 035 $a(PQKB)11739879 035 $a(MiAaPQ)EBC623303 035 $a(Au-PeEL)EBL623303 035 $a(CaPaEBR)ebr10436131 035 $a(CaONFJC)MIL297686 035 $a(EXLCZ)992670000000059884 100 $a20100928d2010 uy 0 101 0 $aeng 135 $aurcn||||||||| 181 $ctxt 182 $cc 183 $acr 200 14$aThe chain of being and having in Slavic$b[electronic resource] /$fSteven J. Clancy 210 $aAmsterdam ;$aPhiladelphia $cJohn Benjamins Pub. Co.$d2010 215 $a1 online resource (320 p.) 225 1 $aStudies in language companion series ;$vv. 122 300 $aBibliographic Level Mode of Issuance: Monograph 311 $a90-272-0589-2 320 $aIncludes bibliographical references and index. 410 0$aStudies in language companion series ;$vv. 122. 606 $aSlavic languages$xVerb 606 $aSlavic languages$xGrammar 608 $aElectronic books. 615 0$aSlavic languages$xVerb. 615 0$aSlavic languages$xGrammar. 676 $a491.8/0456 700 $aClancy$b Steven J$0879223 801 0$bMiAaPQ 801 1$bMiAaPQ 801 2$bMiAaPQ 906 $aBOOK 912 $a9910459760003321 996 $aThe chain of being and having in Slavic$91963468 997 $aUNINA